000 00426nam a2200181Ia 4500
008 230524s9999 xx 000 0 und d
020 _a818842952X
082 _a620.4523
_bKAN
100 _aP. Kannaiah
_925505
245 0 _aWorkshop Manual
250 _a1
260 _aNew Delhi
_bScitech
300 _a"12.1, 12.4p;"
500 _aQuantity Number: 1
650 _aWorkshop
700 _aK.L.Narayana
942 _cBK
999 _c56506
_d56506